000 00385nam a2200169Ia 4500
003 0STCL
008 150530s9999 xx 000 0 und d
040 _aSTCL
_cSTCL
100 _aFielding Henry
245 _aTom Jones
260 _bUBS publishers;New Delhi
_c2005
_aNew Delhi
300 _a0
546 _aEnglish
942 _2ddc
_cBK
999 _c58315
_d58315
005 20220125171044.0